000 01067nam a22003257a 4500
001 BR9506221
003 BR-BrBNA
005 20230928095447.0
007 ta
008 230509b bl.||||| |||| 00| 0 por d
040 _aBR-BrBNA
_bpor
_cBiblioteca Nacional de Agricultura
041 _a(Eng)
072 _aA01; P40
090 _ A01 BR9506221
100 1 _aCohen, S.
100 1 _aWheaton, E.
100 1 _aMasterton, J.
110 1 _aInternational Comission on Irrigation and Drainage, New Delhi (India)
_96608
111 1 _aConferencia Internacional sobre Impactos de Variacoes Climaticas e Desenvolvimento Sustentavel em Regioes Semi-Aridas
_cFortaleza, CE (Brazil)
_d27 Jan-01 Feb 1992
245 1 _aImpacts of climatic change scenarios in the Prairie Provinces: a case study from Canada
260 3 _aNew Delhi (India):
_c1992.
300 _a60 p.
650 _aClima
650 _aSeca
650 _aVariacao Climatica
650 _aDesenvolvimento Sustentavel
650 _aCanada
909 _a202309
_bLucia
_c55
_dLucia Elande
942 _cBK
999 _c56696
_d56696